000
00289nam a22001337a 4500
008
170622b xxu||||| |||| 00| 0 eng d
020
_a
100155053302
041
_a
eng
080
_a
328
100
_a
21
101
_a
SHP
245
_a
AMERICAN GOVERNMENT
_c
DAUTRICH.K
942
_2
udc
_c
BK
999
_c
18689
_d
18689